| 000 | 00000nam##2200000za#4500 |
| 001 | 9.647894 |
| 003 | CaOODSP |
| 005 | 20210615112833 |
| 007 | ta |
| 008 | 150407|2000||||xxc||||| f|0| 0 eng|d |
| 020 | |a0-660-18301-3 |
| 040 | |aCaOODSP|beng |
| 043 | |an-cn--- |
| 086 | 1 |aF2-146/2000E |
| 110 | 1 |aCanada.|bDepartment of Finance.|bMinister of Finance. |
| 245 | 10|aLegislative proposals and explanatory notes related to the Excise Tax Act / |cPublished by the Minister of Finance. |
| 260 | |aOttawa - Ontario : |bFinance Canada. |c2000. |
| 300 | |a123p. ; |c23 cm. |
| 563 | |aSoftcover |
| 590 | |a00-42|b2000-10-20 |
| 690 | 07|aCustoms and excise|2gcpds |
| 690 | 07|aSupplies|2gcpds |
| 775 | 08|tPropositions législatives et notes explicatives concernant la loi sur la taxe d'accise / |w(CaOODSP)9.681275 |
| 776 | 0#|tLegislative proposals and explanatory notes related to the Excise Tax Act / |w(CaOODSP)9.696522 |